| 000 | 00381nam a2200133Ia 4500 | ||
|---|---|---|---|
| 008 | 220204s9999 xx 000 0 und d | ||
| 082 |
_a630*233 _bSAG |
||
| 100 | _aSagwal, Sewa S | ||
| 245 | 0 | _aTrees on marginal lands(Agroforestation techniques and systems) | |
| 260 |
_aJodhpur _bScientific Publishers _c1994 |
||
| 650 | _aAgroforestry | ||
| 650 | _aSocial forestry | ||
| 942 | _cBK | ||
| 999 |
_c41621 _d41621 |
||